[Event "Titled Tuesday intern op 28th Jan Early"]
[Site "Chess.com INT"]
[Date "2025.01.28"]
[Round "1"]
[White "Ishvi, Aggarwal"]
[Black "Zhakshylykov, Erzhan"]
[Result "1-0"]
[WhiteElo "2003"]
[BlackElo "2314"]
[PlyCount "83"]
[EventDate "2025.01.28"]
[EventType "swiss (blitz)"]
[EventRounds "11"]
[EventCountry "USA"]
[SourceTitle "CB06_2025"]
[SourceDate "2025.02.05"]
[SourceVersion "1"]
[SourceVersionDate "2025.02.05"]
[SourceQuality "1"]

1. d4 d5 2. c4 dxc4 3. e3 e5 4. Bxc4 exd4 5. exd4 Bd6 6. Nf3 Nf6 7. 0-0 0-0 8. Nc3 Bg4 9. h3 Bh5 10. Bg5 Nbd7 11. Re1 Re8 12. g4 Bg6 13. Qd2 c6 14. Rxe8+ Qxe8 15. Re1 Qb8 16. Nh4 Qc7 17. Nxg6 hxg6 18. Qd3 Nf8 19. Kg2 Rd8 20. Qf3 N8h7 21. Be3 g5 22. Qf5 Bf4 23. Ne2 Bxe3 24. fxe3 Nd5 25. Ng3 g6 26. Qf3 Nhf6 27. Ne4 Nxe4 28. Qxe4 Qd7 29. Bxd5 Qxd5 30. Qxd5 Rxd5 31. Rd1 f5 32. Kf3 c5 33. e4 fxe4+ 34. Kxe4 Rd8 35. d5 Kf7 36. Rf1+ Ke7 37. Ke5 Re8 38. d6+ Kd7+ 39. Kd5 Re2 40. Rf7+ Kd8 41. Rxb7 Rh2 42. Kc6 1-0

[Event "Titled Tuesday intern op 14th Jan Early"]
[Site "Chess.com INT"]
[Date "2025.01.14"]
[Round "1"]
[White "Zhakshylykov, Erzhan"]
[Black "Smietanska, Wiktoria"]
[Result "1-0"]
[WhiteElo "2314"]
[BlackElo "2157"]
[PlyCount "45"]
[EventDate "2025.01.14"]
[EventType "swiss (blitz)"]
[EventRounds "11"]
[EventCountry "USA"]
[SourceTitle "CB04_2025"]
[SourceDate "2025.01.22"]
[SourceVersion "1"]
[SourceVersionDate "2025.01.22"]
[SourceQuality "1"]

1. e4 c5 2. Nf3 d6 3. d4 cxd4 4. Nxd4 Nf6 5. Nc3 a6 6. Bc4 e6 7. Be3 b5 8. Bb3 Be7 9. f3 0-0 10. Qd2 Bb7 11. 0-0-0 Nbd7 12. g4 Nc5 13. g5 Nfd7 14. h4 Nb6 15. g6 hxg6 16. h5 gxh5 17. Rxh5 g6 18. Rdh1 Bf6 19. Rh7 b4 20. Qh2 Be5 21. Rh8+ Kg7 22. Qh6+ Kf6 23. Bg5# 1-0

[Event "Belt and Road op 4th"]
[Site "Qinhuangdao"]
[Date "2024.11.26"]
[Round "8"]
[White "Zhakshylykov, Erzhan"]
[Black "Jiang, Haochen"]
[Result "1/2-1/2"]
[WhiteElo "2313"]
[BlackElo "2360"]
[PlyCount "61"]
[EventDate "2024.11.21"]
[EventType "swiss"]
[EventRounds "9"]
[EventCountry "CHN"]
[SourceTitle "CB49_2024"]
[SourceDate "2024.12.04"]
[SourceVersion "1"]
[SourceVersionDate "2024.12.04"]
[SourceQuality "1"]

1. c4 e6 2. Nf3 d5 3. d4 c6 4. Qc2 Nf6 5. g3 dxc4 6. Qxc4 b5 7. Qc2 Bb7 8. Bg2 Nbd7 9. 0-0 c5 10. Bg5 Rc8 11. dxc5 Bxc5 12. Qd3 a6 13. Bxf6 Nxf6 14. Qxd8+ Kxd8 15. Nbd2 Ke7 16. Nb3 Bb6 17. Rac1 Rxc1 18. Rxc1 Rc8 19. Rxc8 Bxc8 20. Ne5 Ne8 21. e3 Nd6 22. Kf1 f6 23. Nd3 a5 24. Ke2 e5 25. Nd2 Be6 26. a3 Nc4 27. Nxc4 Bxc4 28. Kd2 Kd6 29. b4 Bxd3 30. Kxd3 axb4 31. axb4 1/2-1/2

[Event "Belt and Road op 4th"]
[Site "Qinhuangdao"]
[Date "2024.11.23"]
[Round "4"]
[White "Chen, Qi B"]
[Black "Zhakshylykov, Erzhan"]
[Result "1/2-1/2"]
[WhiteElo "2496"]
[BlackElo "2313"]
[PlyCount "81"]
[EventDate "2024.11.21"]
[EventType "swiss"]
[EventRounds "9"]
[EventCountry "CHN"]
[SourceTitle "CB49_2024"]
[SourceDate "2024.12.04"]
[SourceVersion "1"]
[SourceVersionDate "2024.12.04"]
[SourceQuality "1"]

1. e4 c5 2. Nf3 e6 3. c3 Nf6 4. e5 Nd5 5. a3 d6 6. d4 cxd4 7. c4 Nc7 8. Bg5 Be7 9. Bxe7 Qxe7 10. exd6 Qxd6 11. Qxd4 Qxd4 12. Nxd4 e5 13. Nb3 0-0 14. Nc3 Rd8 15. Be2 Nc6 16. Bf3 Bf5 17. Bxc6 bxc6 18. Na5 c5 19. Nc6 Re8 20. 0-0-0 Ne6 21. Nd5 Kf8 22. Nxe5 Nd4 23. Rde1 Rad8 24. Kd2 Be6 25. Nd3 Bxd5 26. cxd5 Rxd5 27. Rxe8+ Kxe8 28. Re1+ Kd7 29. Kc3 Nb5+ 30. Kc4 Rd4+ 31. Kxb5 Rxd3 32. Re2 Kd6 33. Rc2 Rb3+ 34. Kc4 Rb7 35. Re2 Kc6 36. b3 Rd7 37. Re5 Rd4+ 38. Kc3 Rd7 39. Kc4 Rd4+ 40. Kc3 Rd7 41. Kc4 1/2-1/2

[Event "Belt and Road op 4th"]
[Site "Qinhuangdao"]
[Date "2024.11.23"]
[Round "5"]
[White "Zhakshylykov, Erzhan"]
[Black "Zhou, Runyi"]
[Result "0-1"]
[WhiteElo "2313"]
[BlackElo "2255"]
[PlyCount "126"]
[EventDate "2024.11.21"]
[EventType "swiss"]
[EventRounds "9"]
[EventCountry "CHN"]
[SourceTitle "CB49_2024"]
[SourceDate "2024.12.04"]
[SourceVersion "1"]
[SourceVersionDate "2024.12.04"]
[SourceQuality "1"]

1. d4 Nf6 2. Nf3 d5 3. c4 c6 4. cxd5 cxd5 5. Nc3 Nc6 6. Bf4 Bf5 7. Qb3 Na5 8. Qa4+ Bd7 9. Qd1 e6 10. e3 Rc8 11. Bd3 Bb4 12. 0-0 0-0 13. Ne5 Nc4 14. Rb1 b5 15. Bg5 Be7 16. Ne2 h6 17. Bxf6 Bxf6 18. Ng4 Be7 19. Nf4 f5 20. Ne5 Bd6 21. Nf3 g5 22. Ne2 Qa5 23. b3 g4 24. bxc4 gxf3 25. gxf3 dxc4 26. Bc2 Qd8 27. Ng3 Qh4 28. f4 Rf7 29. Qh5 Qxh5 30. Nxh5 b4 31. f3 a5 32. Kf2 a4 33. Bd1 Bc6 34. Ng3 c3 35. Bc2 Rb7 36. Ne2 Rcb8 37. Nc1 b3 38. axb3 Ba3 39. b4 Bb2 40. Nd3 a3 41. Nc5 a2 42. Rbd1 Ra7 43. Rg1+ Kf7 44. Nd3 Be8 45. Ra1 Bxa1 46. Rxa1 Ra3 47. e4 Ba4 48. Ne5+ Ke8 49. Nc4 Bxc2 50. Nxa3 Rxb4 51. Nxc2 Rb2 52. Ke3 Rxc2 53. Kd3 Rxh2 54. Kxc3 Rf2 55. Kc4 h5 56. exf5 exf5 57. Kd5 h4 58. Ke6 h3 59. d5 Re2+ 60. Kd6 h2 61. Rh1 Kf7 62. Kc7 Rc2+ 63. Kd7 Rg2 0-1

[Event "Moscow Ivi GP"]
[Site "Moscow"]
[Date "2024.10.10"]
[Round "8"]
[White "Zhakshylykov, Erzhan"]
[Black "Lintchevski, Daniil"]
[Result "0-1"]
[WhiteElo "2344"]
[BlackElo "2524"]
[PlyCount "78"]
[EventDate "2024.10.05"]
[EventType "swiss"]
[EventRounds "10"]
[EventCountry "RUS"]
[SourceTitle "CB45_2024"]
[Source "ChessBase"]
[SourceDate "2024.11.06"]
[SourceVersion "1"]
[SourceVersionDate "2024.11.06"]
[SourceQuality "1"]

1. d4 d5 2. Nf3 Nf6 3. Bf4 c5 4. e3 Nc6 5. Nbd2 Nh5 6. dxc5 Nxf4 7. exf4 Qa5 8. c4 e6 9. a3 Qxc5 10. b4 Qd6 11. g3 g6 12. Bg2 Bg7 13. Rc1 0-0 14. 0-0 Rd8 15. c5 Qe7 16. Re1 Bd7 17. Nb3 Rac8 18. Qe2 Be8 19. Ne5 Nxe5 20. fxe5 b6 21. Qa6 bxc5 22. Rxc5 Rxc5 23. Nxc5 Qc7 24. Bf1 Bf8 25. Nb3 Bd7 26. Nd4 Rc8 27. Bb5 Qc3 28. Rd1 Bxb5 29. Nxb5 Qc2 30. Rf1 Qc4 31. Qb7 Rd8 32. Nxa7 d4 33. Qc6 Qe2 34. Qc1 d3 35. Nc6 Rd5 36. a4 d2 37. Qd1 Qd3 38. f4 Qe4 39. Rf2 Rd3 0-1

[Event "Moscow Ivi GP"]
[Site "Moscow"]
[Date "2024.10.08"]
[Round "6"]
[White "Sargissyan, Sargis"]
[Black "Zhakshylykov, Erzhan"]
[Result "0-1"]
[WhiteElo "2238"]
[BlackElo "2344"]
[PlyCount "115"]
[EventDate "2024.10.05"]
[EventType "swiss"]
[EventRounds "10"]
[EventCountry "RUS"]
[SourceTitle "CB45_2024"]
[Source "ChessBase"]
[SourceDate "2024.11.06"]
[SourceVersion "1"]
[SourceVersionDate "2024.11.06"]
[SourceQuality "1"]

1. e4 c5 2. Nc3 Nc6 3. Bb5 Nd4 4. Nf3 e6 5. 0-0 a6 6. Bd3 Nc6 7. Be2 Nf6 8. d4 cxd4 9. Nxd4 Qc7 10. Be3 Be7 11. f4 d6 12. Qe1 Bd7 13. a4 0-0 14. Qg3 Nb4 15. Kh1 Kh8 16. Bd3 e5 17. fxe5 dxe5 18. Nf5 Bxf5 19. Rxf5 Rad8 20. a5 Rd7 21. Bb6 Qd6 22. Rxe5 Nc6 23. Rg5 Qxg3 24. Rxg3 Bd6 25. Rh3 Be5 26. Nd5 Bxb2 27. Rb1 Be5 28. Nxf6 gxf6 29. Rf1 Nd4 30. Rb1 Ne6 31. Rf3 Rc8 32. g3 Kg7 33. Rb4 Rc3 34. Rf1 Bd4 35. Bxd4 Nxd4 36. Rb6 Nc6 37. Rfb1 Nxa5 38. R1b4 Rcc7 39. Kg2 Nc6 40. Rb2 Ne5 41. Kf2 Rxd3 42. cxd3 Nxd3+ 43. Ke3 Nxb2 44. Rxb2 b5 45. Rd2 b4 46. Rd6 a5 47. Rb6 Rc5 48. Kd4 Re5 49. g4 Re6 50. Rb5 Ra6 51. h4 h6 52. h5 a4 53. Rxb4 a3 54. Rb1 a2 55. Ra1 Kf8 56. Kc4 Ke7 57. Kb3 Ke6 58. Kb2 0-1

[Event "Moscow Ivi GP"]
[Site "Moscow"]
[Date "2024.10.05"]
[Round "2"]
[White "Kononenko, Dmitry1"]
[Black "Zhakshylykov, Erzhan"]
[Result "1/2-1/2"]
[WhiteElo "2220"]
[BlackElo "2344"]
[PlyCount "146"]
[EventDate "2024.10.05"]
[EventType "swiss"]
[EventRounds "10"]
[EventCountry "RUS"]
[SourceTitle "CB45_2024"]
[Source "ChessBase"]
[SourceDate "2024.11.06"]
[SourceVersion "1"]
[SourceVersionDate "2024.11.06"]
[SourceQuality "1"]

1. c4 e6 2. Nf3 Nf6 3. g3 d5 4. Bg2 d4 5. 0-0 Nc6 6. e3 Bc5 7. b4 Bxb4 8. exd4 0-0 9. Bb2 Rb8 10. Qc2 Be7 11. a3 b5 12. cxb5 Rxb5 13. Nc3 Rb8 14. Na4 Bb7 15. Rfc1 Nd5 16. Nc5 Ba8 17. Rab1 Bd6 18. Ne5 Nxe5 19. dxe5 Bxc5 20. Qxc5 Rb6 21. Bd4 Qg5 22. Qc2 Nf4 23. Be3 Ne2+ 24. Kf1 Bxg2+ 25. Kxg2 Qxe5 26. Bxb6 axb6 27. Re1 Qd5+ 28. f3 Nd4 29. Qe4 Qd6 30. Qe5 Qd7 31. Rec1 Rc8 32. Qe4 Nb3 33. Rd1 Nc5 34. Qe3 Nd3 35. Rb3 Rd8 36. Kf1 Qa4 37. Rdb1 Nc5 38. Rc3 h6 39. Kg2 Qd7 40. Rc2 Qd5 41. Rb4 Qf5 42. Rbc4 Rd3 43. Qe2 Qd5 44. R4c3 Rd4 45. Rc4 Rd3 46. R4c3 Rd4 47. Rc4 Nb3 48. Rxc7 Nxd2 49. Rc8+ Kh7 50. R8c3 e5 51. Re3 f6 52. h4 b5 53. Kh2 Nc4 54. Rec3 f5 55. a4 e4 56. axb5 Ne5 57. fxe4 Rxe4 58. Qf1 Ng4+ 59. Kh3 Re3 60. Rf2 Qb3 61. Rg2 Rf3 62. Qe2 Re3 63. Qf1 Re5 64. Rf2 Qxb5 65. Qxb5 Rxb5 66. Rcf3 g5 67. hxg5 hxg5 68. Ra3 Kg6 69. Ra6+ Kh5 70. Kg2 Rb3 71. Rb6 Rc3 72. Rb8 Re3 73. Rg8 Rxg3+ 1/2-1/2

[Event "Titled Tuesday intern op 24th Sep Early"]
[Site "Chess.com INT"]
[Date "2024.09.24"]
[Round "5"]
[White "Zhakshylykov, Erzhan"]
[Black "Nagare, Akhilesh"]
[Result "1/2-1/2"]
[WhiteElo "2327"]
[BlackElo "2245"]
[PlyCount "191"]
[EventDate "2024.09.24"]
[EventType "swiss (blitz)"]
[EventRounds "11"]
[EventCountry "USA"]
[SourceTitle "EXT 2025"]
[Source "ChessBase"]
[SourceDate "2024.10.14"]
[SourceVersion "1"]
[SourceVersionDate "2024.10.14"]
[SourceQuality "1"]

1. d4 Nf6 2. Nf3 g6 3. c4 Bg7 4. g3 0-0 5. Bg2 c5 6. 0-0 d6 7. dxc5 dxc5 8. Ne5 Nfd7 9. Nd3 Ne5 10. Nxc5 Nbc6 11. Nd2 Qc7 12. Nce4 Be6 13. Nc3 Nxc4 14. Nxc4 Bxc4 15. Bf4 Qb6 16. Qa4 Qxb2 17. Qxc4 Qxc3 18. Qxc3 Bxc3 19. Rab1 e5 20. Rxb7 exf4 21. Bxc6 fxg3 22. hxg3 Rac8 23. Bd5 Bd4 24. e3 Bb6 25. Bb3 Rc7 26. Rxc7 Bxc7 27. Rc1 Bb6 28. Kg2 Rd8 29. Kf3 Kg7 30. g4 h6 31. Rc6 Rd2 32. Rc8 Rd6 33. Re8 Rf6+ 34. Ke2 Rc6 35. Re7 Rc7 36. Re8 Kf6 37. Kd3 Rd7+ 38. Ke4 Re7+ 39. Rxe7 Kxe7 40. f4 h5 41. gxh5 gxh5 42. Kf3 Kf6 43. e4 Kg7 44. e5 Ba5 45. Bd1 Bd2 46. Ke4 h4 47. Bg4 Kf8 48. f5 Ke7 49. f6+ Ke8 50. Kd5 Bc3 51. a4 a5 52. Bh3 Bb4 53. e6 Bc3 54. exf7+ Kxf7 55. Ke4 Kxf6 56. Kf3 Ke5 57. Kg2 Kd4 58. Bd7 Kc5 59. Kh3 Bf6 60. Bb5 Kd6 61. Be8 Ke7 62. Bb5 Kd8 63. Kg4 Kc7 64. Kh3 Kd6 65. Kg4 Ke5 66. Kh3 Kd4 67. Be8 Ke3 68. Bb5 Kf2 69. Be8 Be7 70. Bb5 Ke3 71. Be8 Kd3 72. Bb5+ Kd4 73. Be8 Kc5 74. Bb5 Kd6 75. Kg4 Kc7 76. Kh3 Kb6 77. Kg4 Kc5 78. Kh3 Kb4 79. Kg4 Kc3 80. Kh3 Kd4 81. Be8 Ke5 82. Bb5 Ke4 83. Be8 Ke3 84. Bb5 Kf2 85. Be8 Kg1 86. Bb5 Kh1 87. Bc6+ Kg1 88. Bb5 Bd8 89. Bc6 Kf2 90. Be8 Ke3 91. Bb5 Kf4 92. Bc6 Ke5 93. Bb5 Kf6 94. Kxh4 Ke5+ 95. Kg4 Kd4 96. Kf3 1/2-1/2

[Event "Olympiad-45"]
[Site "Budapest"]
[Date "2024.09.22"]
[Round "11.1"]
[White "Amin, Bassem"]
[Black "Zhakshylykov, Erzhan"]
[Result "1-0"]
[WhiteElo "2636"]
[BlackElo "2327"]
[PlyCount "103"]
[EventDate "2024.09.11"]
[EventType "team-swiss"]
[EventRounds "11"]
[EventCountry "HUN"]
[SourceTitle "EXT 2025"]
[Source "ChessBase"]
[SourceDate "2024.10.14"]
[SourceVersion "1"]
[SourceVersionDate "2024.10.14"]
[SourceQuality "1"]
[WhiteTeam "Egypt"]
[BlackTeam "Kyrgyzstan"]
[WhiteTeamCountry "EGY"]
[BlackTeamCountry "KGZ"]

1. e4 e5 2. Nf3 Nc6 3. Bb5 a6 4. Ba4 Nf6 5. 0-0 Be7 6. Re1 b5 7. Bb3 d6 8. c3 0-0 9. h3 Nb8 10. d4 Nbd7 11. Nbd2 Bb7 12. Bc2 Re8 13. Nf1 Bf8 14. Ng3 g6 15. b3 Nb6 16. Rb1 Bg7 17. d5 c6 18. c4 Qc7 19. Bd3 Nfd7 20. Be3 Nc5 21. Bf1 bxc4 22. bxc4 a5 23. Bxc5 dxc5 24. d6 Qd8 25. d7 Re7 26. Qd6 Bf8 27. Red1 Ra6 28. Qf6 Ra8 29. Nxe5 Bg7 30. Nxc6 Bxc6 31. Qxc6 Rxd7 32. Rxd7 Nxd7 33. Rb7 Ne5 34. Qxc5 Qd2 35. Qd5 Rd8 36. Qxd2 Rxd2 37. a4 Ra2 38. c5 Rxa4 39. Bb5 Ra1+ 40. Kh2 Rc1 41. f4 Nc4 42. Be8 Nd2 43. Bxf7+ Kf8 44. Ne2 Nf1+ 45. Kg1 Ng3+ 46. Kf2 Nxe4+ 47. Ke3 Nxc5 48. Rb8+ Kxf7 49. Nxc1 a4 50. Rb5 Bf8 51. Ra5 Ke6 52. Ne2 1-0

[Event "Olympiad-45"]
[Site "Budapest"]
[Date "2024.09.19"]
[Round "8.1"]
[White "Zhakshylykov, Erzhan"]
[Black "Garcia Pantoja, Roberto"]
[Result "1/2-1/2"]
[WhiteElo "2327"]
[BlackElo "2550"]
[PlyCount "144"]
[EventDate "2024.09.11"]
[EventType "team-swiss"]
[EventRounds "11"]
[EventCountry "HUN"]
[SourceTitle "EXT 2025"]
[Source "ChessBase"]
[SourceDate "2024.10.14"]
[SourceVersion "1"]
[SourceVersionDate "2024.10.14"]
[SourceQuality "1"]
[WhiteTeam "Kyrgyzstan"]
[BlackTeam "Colombia"]
[WhiteTeamCountry "KGZ"]
[BlackTeamCountry "COL"]

1. d4 Nf6 2. c4 e6 3. Nc3 Bb4 4. Nf3 b6 5. e3 0-0 6. Bd3 Bb7 7. 0-0 c5 8. Na4 cxd4 9. exd4 Re8 10. a3 Bf8 11. b4 a5 12. Bg5 axb4 13. axb4 h6 14. Bxf6 Qxf6 15. b5 d6 16. Nxb6 Rxa1 17. Qxa1 Bxf3 18. gxf3 Qxf3 19. Qd1 Qb7 20. Na4 Nd7 21. Re1 Rc8 22. Qb3 Nb6 23. Be4 Qa7 24. Nxb6 Qxb6 25. Qd3 Qa5 26. Rb1 Rb8 27. Bc6 Be7 28. Kg2 Qa7 29. Rb3 Bf6 30. d5 e5 31. Ra3 Qc5 32. Ra4 Bd8 33. Qe3 Bb6 34. Qxc5 Bxc5 35. f3 Kf8 36. Kf1 Ke7 37. Ke2 Kf6 38. Bd7 Rb7 39. Bc6 Ra7 40. Ra6 Kg5 41. Be8 Rxa6 42. bxa6 f5 43. Kd3 Kf4 44. Bg6 Kxf3 45. Bxf5 g5 46. h3 h5 47. Bg6 Kg3 48. Bxh5 Kxh3 49. Bg6 g4 50. Bf5 Kg3 51. Ke2 Kf4 52. Be6 Bb6 53. Bd7 Ba7 54. Be6 e4 55. Bd7 Bb6 56. Be6 g3 57. Bh3 Ke5 58. Bg2 Kd4 59. Bh1 e3 60. Bg2 Kxc4 61. Bh1 Kb5 62. Bg2 Kxa6 63. Bh1 Kb5 64. Bg2 Kc4 65. Bh1 Kd4 66. Bg2 Ke5 67. Bh1 Kf4 68. Bg2 Kg4 69. Bf1 Bc5 70. Bg2 Bb6 71. Bf1 Bc5 72. Bg2 Bb6 1/2-1/2

[Event "Olympiad-45"]
[Site "Budapest"]
[Date "2024.09.11"]
[Round "1.71"]
[White "Murphy, Jones"]
[Black "Zhakshylykov, Erzhan"]
[Result "0-1"]
[WhiteElo "2021"]
[BlackElo "2327"]
[PlyCount "66"]
[EventDate "2024.09.11"]
[EventType "team-swiss"]
[EventRounds "11"]
[EventCountry "HUN"]
[SourceTitle "EXT 2025"]
[Source "ChessBase"]
[SourceDate "2024.10.14"]
[SourceVersion "1"]
[SourceVersionDate "2024.10.14"]
[SourceQuality "1"]
[WhiteTeam "Dominica"]
[BlackTeam "Kyrgyzstan"]
[WhiteTeamCountry "DMA"]
[BlackTeamCountry "KGZ"]

1. e4 e5 2. Nf3 Nc6 3. Bc4 Bc5 4. c3 Nf6 5. d4 exd4 6. cxd4 Bb4+ 7. Nc3 Nxe4 8. 0-0 Bxc3 9. d5 Bf6 10. Re1 Ne7 11. Rxe4 d6 12. Bg5 Bxg5 13. Nxg5 h6 14. Qe2 hxg5 15. Re1 Be6 16. dxe6 f6 17. Re3 c6 18. Rh3 Rxh3 19. gxh3 g6 20. b4 Kf8 21. Qb2 Kg7 22. Re3 Qb6 23. Rg3 d5 24. Bd3 c5 25. Rg4 c4 26. Bf1 Rc8 27. Qc3 Nf5 28. e7 Qe6 29. h4 Qe5 30. Qh3 Qxe7 31. hxg5 fxg5 32. Qg2 c3 33. Qxd5 c2 0-1

[Event "Titled Tuesday intern op 27th Aug Early"]
[Site "Chess.com INT"]
[Date "2024.08.27"]
[Round "3"]
[White "Cardozo Munar, Carlos Eduardo"]
[Black "Zhakshylykov, Erzhan"]
[Result "0-1"]
[WhiteElo "2060"]
[BlackElo "2327"]
[PlyCount "174"]
[EventDate "2024.08.27"]
[EventType "swiss (blitz)"]
[EventRounds "11"]
[EventCountry "USA"]
[SourceTitle "EXT 2025"]
[Source "ChessBase"]
[SourceDate "2024.10.14"]
[SourceVersion "1"]
[SourceVersionDate "2024.10.14"]
[SourceQuality "1"]

1. d4 Nf6 2. Bg5 d5 3. Bxf6 exf6 4. g3 c6 5. Bg2 f5 6. e3 g6 7. Nd2 Bd6 8. Ne2 Nd7 9. 0-0 Nf6 10. c4 dxc4 11. Nxc4 Bc7 12. b4 0-0 13. a4 Be6 14. Ne5 Bd5 15. Nc3 Bxg2 16. Kxg2 a5 17. b5 c5 18. Nf3 cxd4 19. Qxd4 Qxd4 20. Nxd4 Bb6 21. Rfd1 Rac8 22. Rac1 Rc7 23. Nce2 Rfc8 24. Nb3 Ne4 25. Rxc7 Rxc7 26. Rc1 Rxc1 27. Nexc1 Nc3 28. Nd3 Nxa4 29. Ne5 Nc3 30. Nd7 a4 31. Nd2 Ba5 32. Nc5 a3 33. Nxb7 Bb4 34. Nb3 Nxb5 35. Nd8 Bc3 36. Nc6 a2 37. Kf3 Nd6 38. Ne7+ Kf8 39. Nd5 a1Q 40. Nxa1 Bxa1 41. h4 h5 42. Ke2 Ne4 43. Nf4 Be5 44. Nd3 Bd6 45. Kf3 Ke7 46. Ke2 Ke6 47. Ne1 Kd5 48. Nc2 Bc5 49. Ne1 Kc4 50. Nd3 Bd6 51. Nb2+ Kc3 52. Nd3 Nc5 53. Ne1 Be5 54. Nf3 Bf6 55. Ng1 Kc4 56. Nh3 Ne6 57. Ng1 Kd5 58. Nf3 Be5 59. Ne1 Bd6 60. Nd3 Nc5 61. Nb4+ Ke6 62. Nc2 f6 63. Nd4+ Ke5 64. Nc6+ Kd5 65. Nd4 Be5 66. Nc2 g5 67. hxg5 fxg5 68. Ne1 Ke6 69. f4 gxf4 70. exf4 Bf6 71. Kf3 Ne4 72. Ng2 Bd4 73. Nh4 Kf6 74. Ng2 Bf2 75. Nh4 Bxg3 76. Ng2 h4 77. Ne3 h3 78. Nd5+ Kg6 79. Ne7+ Kf6 80. Nd5+ Ke6 81. Nc7+ Kd7 82. Nd5 Kd6 83. Ne3 Ke6 84. Nc4 Bxf4 85. Na5 h2 86. Kg2 Nf2 87. Nc4 h1Q+ 0-1

[Event "Titled Tuesday intern op 27th Aug Early"]
[Site "Chess.com INT"]
[Date "2024.08.27"]
[Round "5"]
[White "Ingunza Curro, Andres"]
[Black "Zhakshylykov, Erzhan"]
[Result "1/2-1/2"]
[WhiteElo "2313"]
[BlackElo "2327"]
[PlyCount "195"]
[EventDate "2024.08.27"]
[EventType "swiss (blitz)"]
[EventRounds "11"]
[EventCountry "USA"]
[SourceTitle "EXT 2025"]
[Source "ChessBase"]
[SourceDate "2024.10.14"]
[SourceVersion "1"]
[SourceVersionDate "2024.10.14"]
[SourceQuality "1"]

1. c4 Nf6 2. Nc3 c5 3. g3 e6 4. Nf3 b6 5. Bg2 Bb7 6. 0-0 Be7 7. d4 cxd4 8. Qxd4 Nc6 9. Qd2 0-0 10. Rd1 a6 11. b3 b5 12. cxb5 axb5 13. Nxb5 d5 14. Bb2 Qb6 15. Nbd4 Ne4 16. Qe1 Bb4 17. Qf1 Bc3 18. Bxc3 Nxc3 19. Rd2 Nxd4 20. Nxd4 e5 21. Nf5 d4 22. e3 Bxg2 23. Qxg2 Qe6 24. g4 g6 25. exd4 Kh8 26. d5 Qb6 27. Ne3 f5 28. d6 Ne4 29. Nc4 Qc5 30. Rad1 Nxd2 31. Rxd2 e4 32. Qg3 Rae8 33. Qc3+ Kg8 34. d7 Rd8 35. b4 Qe7 36. Qb3 Qe6 37. b5 Kg7 38. Qc3+ Qf6 39. Qxf6+ Rxf6 40. Ne5 Re6 41. Nc6 Rxd7 42. Rxd7+ Kf6 43. g5+ Kxg5 44. Rxh7 Rd6 45. Kg2 f4 46. h4+ Kg4 47. Rg7 f3+ 48. Kh2 Rd2 49. Rxg6+ Kxh4 50. Kg1 Rd1+ 51. Kh2 Rf1 52. Ne5 Rxf2+ 53. Kg1 Rxa2 54. Rg4+ Kh3 55. Rxe4 f2+ 56. Kf1 Rb2 57. Re3+ Kh2 58. Re2 Rxb5 59. Rxf2+ Kg3 60. Nd3 Rb1+ 61. Ne1 Rd1 62. Rf3+ Kg4 63. Re3 Kf4 64. Rf3+ Ke4 65. Rf2 Ke3 66. Re2+ Kf4 67. Kf2 Rd8 68. Ng2+ Kg4 69. Re4+ Kf5 70. Rf4+ Kg5 71. Kf3 Rd3+ 72. Ne3 Rd2 73. Rf5+ Kg6 74. Ke4 Re2 75. Rf3 Kg5 76. Rf5+ Kg6 77. Re5 Re1 78. Rb5 Kf6 79. Kf4 Ke6 80. Rb6+ Kd7 81. Nf5 Rf1+ 82. Ke5 Re1+ 83. Kd5 Kc7 84. Rc6+ Kd7 85. Nd4 Rd1 86. Rd6+ Kc7 87. Rh6 Rd2 88. Kc5 Kd7 89. Rh7+ Ke8 90. Nc6 Rd1 91. Re7+ Kf8 92. Rb7 Ke8 93. Nd4 Kd8 94. Kd5 Ke8 95. Ke5 Kd8 96. Ne6+ Ke8 97. Ra7 Rd5+ 98. Kxd5 1/2-1/2

[Event "Titled Tuesday intern op 27th Aug Early"]
[Site "Chess.com INT"]
[Date "2024.08.27"]
[Round "10"]
[White "Zhakshylykov, Erzhan"]
[Black "Gusev, Mikhail"]
[Result "1-0"]
[WhiteElo "2327"]
[BlackElo "2239"]
[PlyCount "65"]
[EventDate "2024.08.27"]
[EventType "swiss (blitz)"]
[EventRounds "11"]
[EventCountry "USA"]
[SourceTitle "EXT 2025"]
[Source "ChessBase"]
[SourceDate "2024.10.14"]
[SourceVersion "1"]
[SourceVersionDate "2024.10.14"]
[SourceQuality "1"]

1. e4 e6 2. Qe2 d6 3. Nf3 g6 4. d4 Bg7 5. Nc3 Ne7 6. h4 h5 7. Bg5 b6 8. Qd2 Bb7 9. Rd1 Nd7 10. Be2 a6 11. a4 c5 12. d5 exd5 13. Nxd5 Bxd5 14. exd5 Nf6 15. 0-0 Ne4 16. Qf4 Nxg5 17. Nxg5 0-0 18. c3 Be5 19. Qc1 Nf5 20. g3 Bf6 21. Ne4 Bxh4 22. gxh4 Qxh4 23. Bf3 Rae8 24. Rfe1 Re5 25. Bg2 Rfe8 26. Nd2 Qg4 27. Rxe5 Rxe5 28. Nf3 Re2 29. Re1 Rxe1+ 30. Qxe1 Qxa4 31. Nd2 Qg4 32. Ne4 Nh4 33. Nf6+ 1-0